Evanjelický východ vnútromisijný časopis pre slovenských evanjelikov na východnom Slovensku

Podrobná bibliografia
Médium: Časopis
Jazyk:slovenčina
Fyzický popis:6 zv. 24 cm
Vydavateľské údaje: Prešov Východný dištrikt ev. a. v. cirkvi na Slovensku 1933-1938
Prešov Ev. a. v. biskupský úrad
ISSN:1337-3544
Predmet:

MARC

LEADER 00000cas a2200000 a 4500
001 vtls010298035
003 SK-MaSNL
005 20260425194230.0
008 110809d19331938xo mr|p 0 b0slo
022 |a 1337-3544 
040 |a SNK  |b slo  |c SNK  |e AACR2 
041 0 |a slo 
044 |a xo  |c SK 
072 7 |a 271/279  |x Kresťanské cirkvi, sekty, denominácie  |2 konspekt 
080 |a (437.6-11)  |2 2001 
080 |a 274.5  |2 2001 
080 |a 050  |2 2001 
210 0 |a Evanj. východ  |b (Prešov, 1933) 
222 0 |a Evanjelický východ  |b (Prešov, 1933) 
245 0 0 |a Evanjelický východ  |b vnútromisijný časopis pre slovenských evanjelikov na východnom Slovensku 
260 |a Prešov  |b Východný dištrikt ev. a. v. cirkvi na Slovensku  |c 1933-1938 
260 3 |3 1936-1938  |a Prešov  |b Ev. a. v. biskupský úrad 
300 |a 6 zv.  |c 24 cm 
310 |a 1x mesačne 
362 0 |a Roč. I, č. 1 (jan. 1933)-roč. VI, č. 12 (dec. 1938) 
500 |a Redaktori sa menia 
500 |a Vyd. Východný dištrikt ev. a. v. cirkvi na Slovensku (Ev. biskupský úrad v Prešove); od č. 1/(jan. 1936) Ev. a. v. biskupský úrad, Prešov. Nakl. od č. 2/(febr. 1934) Tranoscius v Lipt. Mikuláši 
500 |a Tlač. Kníhtlačiareň A. Kóscha, Prešov; od č. 1/(jan. 1934) Kníhtlačiareň Ján Párička a syn, nájomci: M. Štecko a spol., Ružomberok; od č. 4/(apr. 1937) Kníhtlačiareň Ján Párička a syn, nást. Štecko a Trepáč, Ružomberok; od č. 9/(sept. 1937) Kníhtlačiareň Štecko a Trepáč, Ružomberok; od č. 1/(jan. 1938) A. Kóscha, Prešov 
500 |a V r. 1935 a 1938 má prílohu Pre naše deti 
610 2 7 |a Evanjelická cirkev a.v.  |2 SNKPH  |9 32425 
650 0 7 |a náboženstvo  |2 SNKPH  |9 2023 
651 |a Slovensko východné  |2 SNKPH  |9 161134 
655 7 |a náboženské časopisy  |2 SNKPH  |9 70790 
770 0 |t Pre naše deti  |w vtls010298420 
910 |a snk 
916 |a 1933-1938 
999 |c 7793  |d 9723 
952 |t č. 1-12, neúplné  |a SNK  |b SNK  |y PREZ  |7 0  |p 17A0143636  |o snkČSC 591/5/1937  |i snkF 3914/1978  |8 5  |z chýba č. 4, 9, 10  |f 1  |0 0  |1 0  |4 0  |d 1998-06-10  |l 0  |r 2005-01-02 00:00:00  |w 2026-02-21 
952 |t č. 1-12  |a SNK  |b SNK  |y PREZ  |7 0  |p 17A0143615  |o snkČSC 591/2/1934  |i snkČSD 42/1957  |8 1  |f 1  |0 0  |1 0  |4 0  |d 1998-06-10  |l 0  |r 2005-01-02 00:00:00  |w 2026-02-21 
952 |t č. 1-12, neúplný  |a SNK  |b SNK  |y PREZ  |7 0  |p 17A0143637  |o snkČSC 591/3/1935  |i snkČSD 43/1957  |8 1  |z chýba č. 10, 11  |f 1  |0 0  |1 0  |4 0  |d 1998-06-10  |l 0  |r 2005-01-02 00:00:00  |w 2026-02-21 
952 |t č. 1-12, neúplné  |a SNK  |b SNK  |y PREZ  |7 0  |p 17A0143634  |o snkČSC 591/6/1938  |i snkČSD 44/1957  |8 1  |z chýba č. 2, 6, 9-12  |f 1  |0 0  |1 0  |4 0  |d 1998-06-10  |l 0  |r 2005-01-02 00:00:00  |w 2026-02-21 
952 |t č. 1-12, neúplné  |a SNK  |b SNK  |y PREZ  |7 0  |p 17A0143666  |o snkČSC 591/4/1936  |i snkF 3913/1978  |8 5  |z chýba č. 1-2, 4-8, 11  |f 1  |0 0  |1 0  |4 0  |d 1998-06-10  |l 0  |r 2005-01-02 00:00:00  |w 2026-02-21 
952 |t č. 1-12, neúplné  |a SNK  |b SNK  |y PREZ  |7 0  |p 17A0143635  |o snkČSC 591/1/1933  |i snkF 3912/1978  |8 5  |z chýba č. 2, 6, 11  |f 1  |0 0  |1 0  |4 0  |d 1998-06-10  |l 0  |r 2005-01-02 00:00:00  |w 2026-02-21 
952 |t č. 1-12, neúplný  |a SNK  |b SNK  |y PREZ  |7 0  |p 17A1150701  |o snkČSC 591/3/1935 D1  |i snkF 3915/78  |8 5  |z chýba č. 1, 2, 3, 5, 8-12  |3 chýba č. 1, 2, 3, 5, 8-12  |0 0  |1 0  |4 0  |d 2016-06-29  |l 0  |r 2026-02-21 21:47:21  |w 2026-02-21 
952 |t č. 1-12, neúplný  |a SNK  |b SNK  |y PREZ  |7 0  |p 17A1150663  |o snkČSC 591/2/1934 D1  |i snkF 2000/70  |8 5  |z chýba č. 4, 6, 7, 9, 10, 11  |3 chýba č. 4, 6, 7, 9, 10, 11  |0 0  |1 0  |4 0  |d 2016-06-29  |l 0  |r 2026-02-21 21:47:22  |w 2026-02-21